<?xml version="1.0" encoding="UTF-8"?>
<record
    xmlns:xsi="http://www.w3.org/2001/XMLSchema-instance"
    xsi:schemaLocation="http://www.loc.gov/MARC21/slim http://www.loc.gov/standards/marcxml/schema/MARC21slim.xsd"
    xmlns="http://www.loc.gov/MARC21/slim">

  <leader>03363nam a2200505 i 4500</leader>
  <controlfield tag="001">000000443145</controlfield>
  <controlfield tag="003">IT-MiSPE</controlfield>
  <controlfield tag="005">20250324140427.0</controlfield>
  <controlfield tag="008">201109s2020    it            001 u ita d</controlfield>
  <datafield tag="020" ind1=" " ind2=" ">
    <subfield code="a">9788830101050</subfield>
    <subfield code="c">70,00 &#x20AC;</subfield>
  </datafield>
  <datafield tag="040" ind1=" " ind2=" ">
    <subfield code="a">IT-MiSPE</subfield>
    <subfield code="b">ita</subfield>
    <subfield code="d">fb</subfield>
    <subfield code="e">IT-MiSPE</subfield>
    <subfield code="c">IT-MiSPE</subfield>
  </datafield>
  <datafield tag="041" ind1="1" ind2=" ">
    <subfield code="a">ita lat fre</subfield>
    <subfield code="a">lat fre</subfield>
  </datafield>
  <datafield tag="082" ind1=" " ind2=" ">
    <subfield code="a">194-PAS bl op (ppv 23402)</subfield>
  </datafield>
  <datafield tag="100" ind1="1" ind2=" ">
    <subfield code="a">Pascal, Blaise,</subfield>
    <subfield code="d">1623-1662.</subfield>
    <subfield code="9">61963</subfield>
  </datafield>
  <datafield tag="240" ind1="0" ind2="0">
    <subfield code="a">Opera omnia</subfield>
  </datafield>
  <datafield tag="245" ind1="1" ind2="0">
    <subfield code="a">Opere complete /</subfield>
    <subfield code="c">Blaise Pascal ; a cura di Maria Vita Romeo.</subfield>
  </datafield>
  <datafield tag="250" ind1=" " ind2=" ">
    <subfield code="a">Prima edizione</subfield>
  </datafield>
  <datafield tag="264" ind1=" " ind2="1">
    <subfield code="a">Milano :</subfield>
    <subfield code="b">Bompiani,</subfield>
    <subfield code="c">2020.</subfield>
  </datafield>
  <datafield tag="300" ind1=" " ind2=" ">
    <subfield code="a">xxxix, 3133 pagine ;</subfield>
    <subfield code="c">22 cm</subfield>
  </datafield>
  <datafield tag="336" ind1=" " ind2=" ">
    <subfield code="a">testo</subfield>
    <subfield code="b">txt</subfield>
    <subfield code="2">rdacontent</subfield>
  </datafield>
  <datafield tag="337" ind1=" " ind2=" ">
    <subfield code="a">senza mediazione</subfield>
    <subfield code="b">n</subfield>
    <subfield code="2">rdamedia</subfield>
  </datafield>
  <datafield tag="338" ind1=" " ind2=" ">
    <subfield code="a">volume</subfield>
    <subfield code="b">nc</subfield>
    <subfield code="2">rdacarrier</subfield>
  </datafield>
  <datafield tag="490" ind1="1" ind2=" ">
    <subfield code="a">Il pensiero occidentale</subfield>
  </datafield>
  <datafield tag="500" ind1=" " ind2=" ">
    <subfield code="a">Testi francesi e latini a fronte</subfield>
  </datafield>
  <datafield tag="504" ind1=" " ind2=" ">
    <subfield code="a">Contiene riferimenti bibliografici e indice</subfield>
  </datafield>
  <datafield tag="505" ind1=" " ind2=" ">
    <subfield code="a">Documenti biografici; Scritti di geometria e di aritmetica; Scritti di fisica; Polemiche morali e religiose; Lettere ai membri della famiglia e ad alcuni amici; Opuscoli; Scritti sulla grazia; Scritti sulla cicloide; Manifesti che annunciano l'istituzione delle carrozze pubbliche; Pensieri; Testi di incerta attribuzione.</subfield>
  </datafield>
  <datafield tag="520" ind1=" " ind2=" ">
    <subfield code="a">Per la prima volta in Italia, si presenta qui la traduzione delle Opere complete di
Pascal, effettuata sulla base di manoscritti e in riferimento alle pi&#xF9; autorevoli
edizioni gi&#xE0; apparse tra il XX e il XXI secolo. Il complesso di questi scritti &#x2013;
troppo spesso frammentato in edizioni particolari che rischiano di spezzare
l&#x2019;unit&#xE0; del pensiero pascaliano &#x2013; restituisce un Pascal a tutto tondo e offre
l&#x2019;opportunit&#xE0; di abbracciare il vasto arco di interessi che animano questo grande
pensatore moderno. D&#x2019;altronde, Pascal ha lasciato un&#x2019;orma profonda e
indelebile in molti campi: dalla letteratura alla scienza, dalla teologia alla
filosofia, dalla morale alla politica, dalla pedagogia all&#x2019;ingegneria. Inoltre,
nell&#x2019;unit&#xE0; e nella continuit&#xE0; delle opere pascaliane si pu&#xF2; cogliere la mirabile
variet&#xE0; di registri, che Pascal magistralmente usa in riferimento
a un determinato interesse. Perci&#xF2; si va dalla pacata e nitida prosa scientifica
alla pungente polemica del panflettista, dall&#x2019;originalissimo scavo psicologico
allo slancio apologetico, dal rigorismo morale alla rivendicazione
dell&#x2019;autonomia della scienza.</subfield>
  </datafield>
  <datafield tag="546" ind1=" " ind2=" ">
    <subfield code="a">Traduzione italiana con testo francese a fronte</subfield>
  </datafield>
  <datafield tag="655" ind1=" " ind2="7">
    <subfield code="a">Filosofi di lingua francese. Generalit&#xE0; e filosofi fino al 1920</subfield>
    <subfield code="x">Filosofi del 1500 e del 1600: Pascal Blaise, 1623-1662.</subfield>
    <subfield code="9">61964</subfield>
  </datafield>
  <datafield tag="700" ind1="1" ind2=" ">
    <subfield code="a">Romeo, Maria Vita,</subfield>
    <subfield code="d">1973-,</subfield>
    <subfield code="e">curatore.</subfield>
    <subfield code="9">61965</subfield>
  </datafield>
  <datafield tag="730" ind1=" " ind2=" ">
    <subfield code="a">Documenti biografici.</subfield>
    <subfield code="9">61966</subfield>
  </datafield>
  <datafield tag="730" ind1=" " ind2=" ">
    <subfield code="a">Scritti di geometria e di aritmetica.</subfield>
    <subfield code="9">61967</subfield>
  </datafield>
  <datafield tag="730" ind1=" " ind2=" ">
    <subfield code="a">Scritti di fisica.</subfield>
    <subfield code="9">61968</subfield>
  </datafield>
  <datafield tag="730" ind1=" " ind2=" ">
    <subfield code="a">Polemiche morali e religiose.</subfield>
    <subfield code="9">61969</subfield>
  </datafield>
  <datafield tag="730" ind1=" " ind2=" ">
    <subfield code="a">Lettere ai membri della famiglia e ad alcuni amici.</subfield>
    <subfield code="9">61970</subfield>
  </datafield>
  <datafield tag="730" ind1=" " ind2=" ">
    <subfield code="a">Opuscoli.</subfield>
    <subfield code="9">61971</subfield>
  </datafield>
  <datafield tag="730" ind1=" " ind2=" ">
    <subfield code="a">Scritti sulla grazia.</subfield>
    <subfield code="9">61972</subfield>
  </datafield>
  <datafield tag="730" ind1=" " ind2=" ">
    <subfield code="a">Scritti sulla cicloide.</subfield>
    <subfield code="9">61973</subfield>
  </datafield>
  <datafield tag="730" ind1=" " ind2=" ">
    <subfield code="a">Manifesti che annunciano l'istituzione delle carrozze pubbliche.</subfield>
    <subfield code="9">61974</subfield>
  </datafield>
  <datafield tag="730" ind1=" " ind2=" ">
    <subfield code="a">Pensieri.</subfield>
    <subfield code="9">61975</subfield>
  </datafield>
  <datafield tag="730" ind1=" " ind2=" ">
    <subfield code="a">Testi di incerta attribuzione.</subfield>
    <subfield code="9">61976</subfield>
  </datafield>
  <datafield tag="830" ind1=" " ind2="3">
    <subfield code="a">Il pensiero occidentale.</subfield>
    <subfield code="9">57173</subfield>
  </datafield>
  <datafield tag="942" ind1=" " ind2=" ">
    <subfield code="2">ddc</subfield>
    <subfield code="c">BK</subfield>
  </datafield>
  <datafield tag="999" ind1=" " ind2=" ">
    <subfield code="c">360464</subfield>
    <subfield code="d">360464</subfield>
  </datafield>
  <datafield tag="952" ind1=" " ind2=" ">
    <subfield code="0">0</subfield>
    <subfield code="1">0</subfield>
    <subfield code="2">ddc</subfield>
    <subfield code="4">0</subfield>
    <subfield code="6">194PAS_BL_OP_PPV_23402</subfield>
    <subfield code="7">1</subfield>
    <subfield code="a">CINISELLO</subfield>
    <subfield code="b">CINISELLO</subfield>
    <subfield code="d">2025-03-24</subfield>
    <subfield code="l">0</subfield>
    <subfield code="o">194-PAS bl op (ppv 23402)</subfield>
    <subfield code="p">9788830101050</subfield>
    <subfield code="r">2025-03-24 14:05:10</subfield>
    <subfield code="w">2025-03-24</subfield>
    <subfield code="y">BK</subfield>
  </datafield>
</record>
